Napětí v Tchajwanském průlivu a jeho internacionalizace

Nerovnomernosť vývoja modernej Číny. Divergencia medzi bohatým a liberálnym Tchaj-wanom a byrokraticko-autoritárskou Čínou. Idea veľkej Číny. Charakter čínsko-tchajwanských vzťahov. Bezpečnostná spolupráca USA a Tchaj-wanu. Úloha Japonska. Medzinárodný kontext tchajwanského problému.

Gespeichert in:
Bibliographische Detailangaben
1. Verfasser: Fürst, Rudolf
Format: Buchkapitel
Sprache:Tschechisch
Schlagworte:
Tags: Tag hinzufügen
Keine Tags, Fügen Sie das erste Tag hinzu!

MARC

LEADER 00000naa a2200000 4500
001 r042846
005 20230927121328.3
041 0 |a cze 
044 |a CZ 
245 1 0 |a Napětí v Tchajwanském průlivu a jeho internacionalizace  |c Rudolf Fürst 
520 |a Nerovnomernosť vývoja modernej Číny. Divergencia medzi bohatým a liberálnym Tchaj-wanom a byrokraticko-autoritárskou Čínou. Idea veľkej Číny. Charakter čínsko-tchajwanských vzťahov. Bezpečnostná spolupráca USA a Tchaj-wanu. Úloha Japonska. Medzinárodný kontext tchajwanského problému. 
610 2 0 |a politika hospodárska medzinárodná 
610 2 0 |a Taiwan 
610 2 0 |a Čína 
610 2 0 |a vzťahy hospodárske medzinárodné 
610 2 0 |a Japonsko 
610 2 0 |a USA 
610 2 0 |a politika bezpečnostná 
100 1 |a Fürst, Rudolf